00594nam a22001697a 450000500170000001000150001702000280003203500140006003700130007408200110008710000180009824501210011626000460023727000650028330000270034850000490037520181122104131.0 aENG-122271 a9780199467099c2,595.00 aEN-105803 bDBAD/PUB a954.07 aGrewal, J. S. aMaster Tara Singh in indian history:ccolonialism, nationalism, and the politics of sikh identity /bby J. S. Grewal aNew DelhibOxford University Presscc2017 a2/11 Ground floor, Ansari Road, DaryaganjbNew Delhie110002 axvii, 757p.c25cm(hbk) aIt includes glossary, bibliography and index